Ripley's believe it or not! : (Record no. 120)

MARC details
000 -LEADER
fixed length control field 01451cam a2200361 a 4500
005 - DATE AND TIME OF LATEST TRANSACTION
control field 20260322212007.0
008 - FIXED-LENGTH DATA ELEMENTS--GENERAL INFORMATION
fixed length control field data
010 ## - LIBRARY OF CONGRESS CONTROL NUMBER
LC control number 2006009671
020 ## - INTERNATIONAL STANDARD BOOK NUMBER
International Standard Book Number 189395112X
020 ## - INTERNATIONAL STANDARD BOOK NUMBER
International Standard Book Number 9781893951129
040 ## - CATALOGING SOURCE
Original cataloging agency DLC
Transcribing agency DLC
Modifying agency DLC
-- BAKER
-- GK8
-- XY4
-- BTCTA
-- DLC
042 ## - AUTHENTICATION CODE
Authentication code lcac
050 00 - LIBRARY OF CONGRESS CALL NUMBER
Classification number AG243
Item number .R453 2006
082 00 - DEWEY DECIMAL CLASSIFICATION NUMBER
Classification number 031.02
Edition information 22
092 ## - LOCALLY ASSIGNED DEWEY CALL NUMBER (OCLC)
Classification number 031.02 R453 2006
001 - CONTROL NUMBER
control field data
245 10 - TITLE STATEMENT
Title Ripley's believe it or not! :
Remainder of title expect-- the unexpected /
Statement of responsibility, etc. Geoff Tibballs, Jo Wiltshire & Ripley Entertainment, Inc.
246 3# - VARYING FORM OF TITLE
Title proper/short title Expect-- the unexpected
260 ## - PUBLICATION, DISTRIBUTION, ETC.
Place of publication, distribution, etc. Orlando, Fla. :
Name of publisher, distributor, etc. Ripley Pub.,
Date of publication, distribution, etc. c2006.
300 ## - PHYSICAL DESCRIPTION
Extent 256 p. :
Other physical details ill. (chiefly col.) ;
Dimensions 31 cm.
490 0# - SERIES STATEMENT
Series statement Ripley's believe it or not! ;
Volume/sequential designation 3
500 ## - GENERAL NOTE
General note "All new"--Cover.
500 ## - GENERAL NOTE
General note Includes index.
505 0# - FORMATTED CONTENTS NOTE
Formatted contents note Strange world -- Weird & wonderful -- Breaking boundaries -- Amazing animals -- Larger than life -- Impossible feats -- Simply unbelievable -- The final reckoning.
650 #0 - SUBJECT ADDED ENTRY--TOPICAL TERM
Topical term or geographic name entry element Curiosities and wonders.
650 #1 - SUBJECT ADDED ENTRY--TOPICAL TERM
Topical term or geographic name entry element Curiosities and wonders.
700 1# - ADDED ENTRY--PERSONAL NAME
Personal name Tibballs, Geoff.
700 1# - ADDED ENTRY--PERSONAL NAME
Personal name Wiltshire, Jo.
710 2# - ADDED ENTRY--CORPORATE NAME
Corporate name or jurisdiction name as entry element Ripley Entertainment, Inc.
856 41 - ELECTRONIC LOCATION AND ACCESS
Materials specified Table of contents
Uniform Resource Identifier <a href="http://www.loc.gov/catdir/toc/ecip0611/2006009671.html">http://www.loc.gov/catdir/toc/ecip0611/2006009671.html</a>
856 42 - ELECTRONIC LOCATION AND ACCESS
Materials specified Contributor biographical information
Uniform Resource Identifier <a href="http://www.loc.gov/catdir/enhancements/fy1109/2006009671-b.html">http://www.loc.gov/catdir/enhancements/fy1109/2006009671-b.html</a>
856 42 - ELECTRONIC LOCATION AND ACCESS
Materials specified Publisher description
Uniform Resource Identifier <a href="http://www.loc.gov/catdir/enhancements/fy1109/2006009671-d.html">http://www.loc.gov/catdir/enhancements/fy1109/2006009671-d.html</a>
Holdings
Withdrawn status Lost status Damaged status Not for loan Home library Current library Shelving location Date acquired Total checkouts Full call number Barcode Date last seen Price effective from Koha item type
        Centerville Centerville General stacks 22/03/2026   031.02 22 BC0010124 22/03/2026 22/03/2026 Books